Africa and unity (Record no. 33675)

MARC details
000 -LEADER
fixed length control field 00585nam a2200169 a 4500
008 - FIXED-LENGTH DATA ELEMENTS--GENERAL INFORMATION
fixed length control field 120416s1969 ||||||||||||||||| || u
020 ## - INTERNATIONAL STANDARD BOOK NUMBER
International Standard Book Number 0582645220
050 ## - LIBRARY OF CONGRESS CALL NUMBER
Classification number DT 21 Tho
100 ## - MAIN ENTRY--PERSONAL NAME
Personal name Thompson, Vincent Bakpetn
245 10 - TITLE STATEMENT
Title Africa and unity
246 ## - VARYING FORM OF TITLE
Title proper/short title the evolution of Pan-Africanism
260 ## - PUBLICATION, DISTRIBUTION, ETC.
Place of publication, distribution, etc. London
Name of publisher, distributor, etc. Longmans
Date of publication, distribution, etc. 1969.
300 ## - PHYSICAL DESCRIPTION
Extent xxv, 412p. : ill.
350 ## - PRICE (NR) (BK AM CF MU VM SE) [OBSOLETE]
Price 0.00
650 ## - SUBJECT ADDED ENTRY--TOPICAL TERM
Topical term or geographic name entry element PAN--AFRICANISM
995 ## - RECOMMENDATION 995 [LOCAL, UNIMARC FRANCE]
-- 0.00
-- CBU-MAIN LIBRARY (Kitwe)
-- 1
-- 11.75
-- 1
-- AVAILABLE
-- Aug 8, 2006
-- Main Library Open Access Collection
Holdings
Withdrawn status Lost status Source of classification or shelving scheme Damaged status Not for loan Home library Current library Shelving location Date acquired Total Checkouts Full call number Barcode Date last seen Price effective from Koha item type
          CBU-MAIN LIBRARY, KITWE. CBU-MAIN LIBRARY, KITWE.   11/30/2022   DT 21 Tho 001364 11/30/2022 11/30/2022 MONOGRAPH